000 00250nam a2200097Ia 4500
001 854702
005 20250826174556.0
008 250824s9999 xx 000 0 und d
245 0 _aHASAN IN :MACERALARI
_cELDAR GURTUEV
260 _bGENÇ TİMAŞ YAYINLARI
999 _c854702
_d854702